000
00305nam a22001217a 4500
082
_a
425
_b
REA/H
100
_a
KAHN,JOHN ELLISON
245
_a
HOW TO WRITE AND SPEAK BETTER
260
_a
LONDON
_b
THE READERS DIGEST ASSOCIATION LIMITED
300
_a
655
650
_a
GENERAL KNOWLEDGE
_z
LONDON
942
_c
BK
999
_c
2909
_d
2909